| 000 | 01296nam0a2200361 4500 | ||
|---|---|---|---|
| 001 | RU\NLR\BIBL_A\010815193 | ||
| 005 | 20250614102326.0 | ||
| 010 |
_a978-5-17-089738-4 _94000 |
||
| 021 |
_aRU _b2015-49293 _92924 |
||
| 035 | _a(NILC)RuMoRGB-007971701 | ||
| 035 | _a(NLR Aleph) 010815193 | ||
| 090 |
_a10220830 _c10220830 |
||
| 100 | _a20150811d2015 |||y0rusy50 ca | ||
| 101 | 1 |
_arus _ceng |
|
| 102 | _aRU | ||
| 105 | _ay|||z|||000ay | ||
| 200 | 1 |
_aУцелевший _e[роман] _fЧак Паланик _g[пер. с англ. Т. Ю. Покидаевой] |
|
| 210 |
_aМосква _cАСТ _d2015 |
||
| 215 |
_a315, [2] с. _d17 |
||
| 225 | 1 | _aNeoclassic | |
| 225 | 1 | _aСерия "Чак Паланик и его бойцовский клуб" | |
| 300 | _aКн. содержит нецензурную брань | ||
| 309 | _aКн. имеет обратную пагинацию | ||
| 320 | _aДр. произведения авт. на 4-й с. обл. | ||
| 333 | _a18+ | ||
| 675 | _a821.111(73)-31 | ||
| 686 | 1 | _aШ6(7США)67-440.4{Лх1979-50} | |
| 700 | 1 |
_7ca _8rus _aПаланик _bЧ. _f1962- _gЧак _9217774 _3RU\NLR\AUTH\770217830 |
|
| 801 | 0 |
_aRU _bРГБ _c20150708 _gRCR |
|
| 942 | _cBOOK | ||
| 980 | _aNB | ||